000 00622nam a2200229Ia 4500
003 OSt
005 20221005133718.0
006 a|||||r|||| 00| 0
007 ta
008 221004b |||||||| |||| 00| 0 pan d
024 _a27786
037 _cTextual
040 _aCRL
_cCRL
_bpan
041 _2pan
_apan
082 _aV236:1.N5, 153J2
100 _aਸੋਹਨ ਸਿੰਘ
245 0 _aਸਿੱਖ ਮਿਸਲਾਂ
260 _c1952
650 _aਭਾਰਤੀਯ ਇਤਿਹਾਸ
942 _hV236:1.N5, 153J2
_cTEXL
_2cc
999 _c1067648
_d1067648